| 000 -LEADER |
| fixed length control field |
00870cam a22002412 4500 |
| 001 - CONTROL NUMBER |
| control field |
402381 |
| 003 - CONTROL NUMBER IDENTIFIER |
| control field |
OSt |
| 005 - DATE AND TIME OF LATEST TRANSACTION |
| control field |
20241114145117.0 |
| 008 - FIXED-LENGTH DATA ELEMENTS--GENERAL INFORMATION |
| fixed length control field |
050927s2005 enka j 00011 eng c |
| 020 ## - INTERNATIONAL STANDARD BOOK NUMBER |
| International Standard Book Number |
9780007171323 (pbk.) : |
| 040 ## - CATALOGING SOURCE |
| Original cataloging agency |
TAE |
| Language of cataloging |
eng |
| Transcribing agency |
TAE |
| Modifying agency |
KH8 |
| 082 04 - DEWEY DECIMAL CLASSIFICATION NUMBER |
| Classification number |
823.914 KER |
| 100 10 - MAIN ENTRY--PERSONAL NAME |
| Personal name |
Kerr, Judith. |
| Relator term |
aut. |
| 245 10 - TITLE STATEMENT |
| Title |
Mog and the baby / |
| Statement of responsibility, etc. |
writeten and illustrated by Judith Kerr. |
| 260 0# - PUBLICATION, DISTRIBUTION, ETC. |
| Place of publication, distribution, etc. |
London : |
| Name of publisher, distributor, etc. |
HarperCollins Children's Books, |
| Date of publication, distribution, etc. |
2005. |
| 300 ## - PHYSICAL DESCRIPTION |
| Extent |
[32] p. : |
| Other physical details |
col. ill. ; |
| Dimensions |
28 cm. |
| 500 ## - GENERAL NOTE |
| General note |
Originally published: London : William Collins Sons, 1980. |
| 520 ## - SUMMARY, ETC. |
| Summary, etc. |
The Thomas family have gone on holiday, so Mog is staying with a granny. It all sounded safe enough, but no one warned Mog about Tibbles... |
| 521 ## - TARGET AUDIENCE NOTE |
| Target audience note |
4-8. |
| 650 #1 - SUBJECT ADDED ENTRY--TOPICAL TERM |
| Topical term or geographic name entry element |
Cats |
| General subdivision |
Fiction. |
| 650 #1 - SUBJECT ADDED ENTRY--TOPICAL TERM |
| Topical term or geographic name entry element |
Mog (Fictitious character : Kerr) |
| General subdivision |
Fiction. |
| 942 ## - ADDED ENTRY ELEMENTS (KOHA) |
| Source of classification or shelving scheme |
|
| Koha item type |
Books |